An English-Nubian comparative dictionary /
Main Author:
Format: Book
Language:
English
Nubian
Published:
London [etc.] :
H. Milford, Oxford university press,
1923.
Series:
Harvard African Studies ;
4.
HAS ;
4.
Subjects:
Tags: Add Tag
Call Number: DT1 .H3 v.4
| LEADER | 00957namaa2200253 4500 | ||
|---|---|---|---|
| 001 | 15897 | ||
| 003 | OSt | ||
| 005 | 20260315074827.0 | ||
| 008 | 130303s1923 enk b 000 0 eng d | ||
| 040 | |c ARCE Library | ||
| 041 | 0 | |a eng |a nub | |
| 050 | 4 | |a DT1 .H3 v.4 | |
| 100 | 1 | |a Murray, G. W., |q (George Williams), |d 1885-, |e author | |
| 245 | 1 | 3 | |a An English-Nubian comparative dictionary / |c by G. W. Murray. |
| 264 | 1 | |a London [etc.] : |b H. Milford, Oxford university press, |c 1923. | |
| 300 | |a xli, [3], 194 pages, 1 l. ; |c 27 cm. | ||
| 490 | 0 | |a Harvard African Studies ; |v 4. | |
| 490 | 0 | |a HAS ; |v 4. | |
| 504 | |a "Bibliography of works on or referring to the Nubian language" : p. [191]-192. "Bibliography of works on or referring to languages of North Africa consulted in the preparation of this work" : p. [193]-194. | ||
| 650 | 0 | |a Nubian languages. | |
| 740 | 0 | |a Nubian comparative dictionary. | |
| 901 | |a reviewed | ||
| 942 | |c BK |2 lcc | ||
| 999 | |c 15667 |d 15667 | ||
